Normal view
MARC view
- Gajski D.D.; Dutt N.D.; Wu Allen C-H & Lin S.Y-L
Entry Personal Name
001 - CONTROL NUMBER
- control field: 195701
003 - CONTROL NUMBER IDENTIFIER
- control field: OSt
005 - DATE AND TIME OF LATEST TRANSACTION
- control field: 20230714214739.0
008 - FIXED-LENGTH DATA ELEMENTS
- fixed length control field: 230714|| aca||aabn | a|a d
040 ## - CATALOGING SOURCE
- Original cataloging agency: OSt
- Transcribing agency: OSt
100 ## - HEADING--PERSONAL NAME
- Personal name: Gajski D.D.; Dutt N.D.; Wu Allen C-H & Lin S.Y-L
670 ## - SOURCE DATA FOUND
- Source citation: Work cat.: (OSt)210952: Gajski D.D. 195700, High - Level Synthesis, 1992